00741 2200253 4500001002100000005001500021035002000036007000300056008004100059020002200100082000800122084001400130100001600144245008200160250001000242260003700252300004800289700003200337600001800369990002500387990002500412990002500437990002500462INLIS00000000000237620260602021435 a0010-0220000227ta260602 0  a978-602-1142-10-3 a180 a180 AST s0 aAsti Musman1 aSepuluh Filosofi Hidup Orang Jawa /cAsti Musman, Editor: Redaksi Shira Media aCet.1 aYogyakarta :bShira Media,c2015 a220 hlm. ;c19 CmeBibliografi, hlm 221-2260 aEditor: Redaksi Shira Media 4afilsafat Kuno a32.191/APBD/DPK/2019 a32.192/APBD/DPK/2019 a32.193/APBD/DPK/2019 a32.194/APBD/DPK/2019